| 000 | 01381nam a2200349 i 4500 | ||
|---|---|---|---|
| 001 | 000027012 | ||
| 003 | DO-SdBNP | ||
| 005 | 20250409152735.0 | ||
| 007 | ta | ||
| 008 | 110328s1982 dr 000 0 spa d | ||
| 040 |
_aDO-SdBNP _bspa _cBNPHU _erda |
||
| 082 | 4 |
_a780.97293 _bN789v 1982 _222 |
|
| 100 | 1 |
_aNolasco, Flérida de, _d1891-1976 _935151 |
|
| 245 | 1 | 0 |
_aVibraciones en el tiempo : _bdías de la colonia / _cFlérida de Nolasco ; prólogo, Pedro Troncoso Sánchez. |
| 264 |
_aSanto Domingo : _bSociedad Dominicana de Bibliófilos _c1982. |
||
| 300 |
_a442 páginas ; _c22 cm. |
||
| 336 |
_2rdacontent _atexto _btxt |
||
| 337 |
_2rdamedia _asin mediación _bn |
||
| 338 |
_2rdacarrier _avolumen _bnc |
||
| 490 | _aSociedad Dominicana de Bibliófilos | ||
| 502 | _aPublicado con: Días de la colonia | ||
| 504 | _aIncluye referencias bibliográficas y notas al pie de las páginas. | ||
| 563 | _aDos obras encuadernadas juntas con paginación continua. | ||
| 590 | _aInventariado, 2018/LP | ||
| 650 | 4 |
_aMúsica _xHistoria _zRepública Dominicana _954113 |
|
| 650 | 0 |
_aFolclore _zRepública Dominicana _933448 |
|
| 651 | 4 |
_aRepública Dominicana -- _xHistoria -- _yColonia, 1503-1844 _911397 |
|
| 700 | 1 |
_aTroncoso Sánchez, Pedro, _d1904-1989 _eprólogo _923599 |
|
| 740 | 0 | 2 | _aDías de la colonia |
| 910 | _aValidado. Control de calidad. MMOLINA | ||
| 942 |
_2ddc _cLBS1 |
||
| 999 |
_c26504 _d26504 |
||